000 00680nam a2200217 a 4500
001 010196
003 BD-ChCU
008 Ben
020 _a৮১৭২৯৩৩৬২২
040 _aDLC
_cDLC
_dBD-ChCU
082 0 0 _a২০০/রহ৮২বি
100 1 _aরহমান, হোসেনুর
_b-
245 1 0 _aবিবেকানন্দ, বেদান্ত ও ইসলাম
_b-
250 _a***
260 _aকলিকাতা
_bমিত্র ও ঘোষ পাব
_c১৯৯১
300 _a**
504 _a- Biblio-
650 0 _aইসলাম ধর্ম
_bহিন্দু ধর্ম
700 1 _a-
942 _2ddc
_cBK
999 _c10196
_d10196